Loading...
| Fine Arts - Classical Music | 0 | 5 | 0 | 0 | 50 | 58 | 83.40 | 0 | 1 |
| Religion | 0 | 3 | 0 | 0 | 30 | 24 | 71.67 | 2 | 2 |
| History - Other History | 0 | 2 | 0 | 0 | 20 | 75 | 81.00 | 0 | 0 |
| Current Events | 0 | 2 | 0 | 0 | 20 | 41 | 51.00 | 0 | 1 |
| History - American History | 0 | 2 | 0 | 0 | 20 | 56 | 59.00 | 0 | 2 |
| Science - Other Science | 0 | 2 | 1 | 0 | 15 | 61 | 76.50 | 0 | 0 |
| Literature - European Literature | 0 | 2 | 1 | 0 | 15 | 77 | 96.50 | 0 | 2 |
| Painting/Sculpture | 0 | 2 | 1 | 1 | 15 | 92 | 99.50 | 0 | 0 |
| History - World History | 0 | 1 | 0 | 0 | 10 | 87 | 87.00 | 0 | 0 |
| Literature - British Literature | 0 | 1 | 0 | 1 | 10 | 108 | 108.00 | 0 | 0 |
| Geography | 0 | 1 | 0 | 0 | 10 | 83 | 83.00 | 0 | 0 |
| Literature - American Literature | 0 | 1 | 0 | 0 | 10 | 15 | 15.00 | 1 | 1 |
| Fine Arts - Other Fine Arts | 0 | 2 | 2 | 0 | 10 | 27 | 48.00 | 0 | 1 |
| History - European History | 0 | 1 | 0 | 0 | 10 | 90 | 90.00 | 0 | 0 |
| Mythology | 0 | 1 | 1 | 0 | 5 | 88 | 88.00 | 0 | 0 |